Statistics for The Great War - Taylor Swift (All Lyrics)

Click here to take the quiz!

General Stats

  • This quiz has been taken 48 times
  • The average score is 297 of 358

Answer Stats

Lyrics% Correct
a
100%
Great
100%
hand
100%
the
100%
War
100%
war,
100%
was
100%
we
100%
We
100%
You
100%
you
100%
All
97%
all
97%
for
97%
I
97%
in
97%
My
97%
my
97%
on
97%
reached
97%
be
94%
one
94%
so
94%
So
94%
To
94%
to
94%
go
91%
it
91%
It
91%
like
91%
that
91%
That
91%
throughout
91%
were
91%
we're
91%
Your
91%
your
91%
and
88%
And
88%
crimson
88%
survived
88%
Always
85%
always
85%
been
85%
bruised
85%
got
85%
haze,
85%
If
85%
knuckles
85%
me
85%
no
85%
over
85%
sense
85%
some
85%
anymore
82%
betrayed
82%
bloodshed,
82%
cry
82%
hair
82%
I'd
82%
into
82%
not
82%
something
82%
Somewhere
82%
violets
82%
vow
82%
with
82%
bigger
79%
clover
79%
never
79%
of
79%
turned
79%
Uh
79%
uh
79%
as
76%
battle
76%
But
76%
her
76%
huh,
76%
huh
76%
is
76%
lost
76%
Maybe
76%
maybe
76%
vowed
76%
back
74%
'Cause
74%
down,
74%
down
74%
fight
74%
fire
74%
playing
74%
remember
74%
said
74%
swinging
74%
talked
74%
trust
74%
come
71%
cursed
71%
desire,
71%
freely
71%
ground
71%
letter
71%
more
71%
sleep
71%
sweet
71%
thought
71%
will
71%
would
71%
yours
71%
blue,
68%
blur
68%
did
68%
drew
68%
egos
68%
Flashes
68%
have
68%
it's
68%
justified
68%
Looked
68%
nearly
68%
night
68%
poppy
68%
really
68%
silence
68%
tears
68%
Telling
68%
took
68%
underground
68%
up
68%
walls,
68%
at
65%
Broken
65%
dream
65%
from
65%
garden
65%
good
65%
place
65%
plant
65%
punching
65%
punish
65%
Sucker
65%
talking
65%
things
65%
tomb
65%
worst
65%
banners
62%
called
62%
can
62%
closed,
62%
diesel
62%
faith
62%
hairpin
62%
honor
62%
icy
62%
memory
62%
off
62%
past
62%
Screaming
62%
that's
62%
Tore
62%
treaties
62%
alone
59%
bombs
59%
crypt
59%
curtains
59%
drank
59%
finger
59%
Say
59%
Soldier
59%
troops
59%
truth
59%
closer
56%
fair
56%
poison
56%
prayer,
56%
triggers
56%
wasn't
56%
better
53%
burning
53%
glory,
53%
morning
53%
solemn
53%
There's
53%
embers
50%
Spineless
50%
burned
47%

Score Distribution

Percentile by Number Answered

Percent of People with Each Score

Your Score History

You have not taken this quiz